| 000 | 00682nam a22001937a 4500 | ||
|---|---|---|---|
| 999 |
_c175819 _d175819 |
||
| 005 | 20201006113404.0 | ||
| 010 | _aUR-10880 | ||
| 020 |
_c250.00 _a9788194369998 |
||
| 035 | _aU-9435 | ||
| 037 | _bDBAD/PUB | ||
| 082 | _aن | ||
| 100 | _aصا د قہ نو ا ب سحر | ||
| 245 |
_aر ا جد يو کی ا مر ا ئ(نا و ل ) _cصا د قہ نو ا ب سحر |
||
| 246 |
_bRajdev Ki Amrai (Novel) (Urdu) _aby Sadiqua Nawab Sehar |
||
| 260 |
_aN.Delhi _bEducational Publishing House _c2019 ء |
||
| 270 |
_aH.O.D1/16,Ansari Road,Darya ganj, _bN.Delhi _e110002 _k45678285,23216162 _l0091-11-23211540 |
||
| 300 |
_a216 ص _c22 Cm(Hb) |
||
| 942 |
_2ddc _cUR _hن _mص ا د |
||